| 000 | 00739nam a2200229 a 4500 | ||
|---|---|---|---|
| 001 | 64922 | ||
| 003 | BD-RjUL | ||
| 005 | 20211209081352.0 | ||
| 008 | 250217s1966 enkbcf 001 0 eng | ||
| 035 | _a(BD-RjUL)65052 | ||
| 040 |
_aDLC _cDLC _dBD-RjUL _beng |
||
| 041 | _aeng | ||
| 082 | 0 | 0 |
_a354.541 _223 _bREY 1966 |
| 100 | 1 |
_aReid, Robert Neil, _d1883-1964. _9192477 |
|
| 245 | 1 | 0 |
_aYears of change in Bengal and Assam / _cSir Robert Reid, with a foreword by Ian Stephens. |
| 260 |
_aLondon : _bBenn, _c1966. |
||
| 300 |
_a170 p. : _bill. ; _c22 cm. |
||
| 500 | _aIncludes index. | ||
| 651 | 0 |
_aWest Bengal (India) _xPolitics and government. _9190851 |
|
| 651 | 0 |
_aAssam (India) _xPolitics and government. _9192478 |
|
| 942 |
_2ddc _cBK |
||
| 999 |
_c64922 _d64922 |
||